Don Quijote de la Mancha

Tallennettuna:
Bibliografiset tiedot
Päätekijä: Cervantes y Saavedra, Miguel de (Tekijä)
Aineistotyyppi: Kirja
Kieli:espanja
Julkaistu: Barcelona RBA Coleccionables 1999
Sarja:Historia de la Literatura
Aiheet:
Tagit: Lisää tagi
Ei tageja, Lisää ensimmäinen tagi!

MARC

LEADER 00000nam a2200000 a 4500
001 UCH8413
003 CL-VaPUC
008 091127e19990000SP |||||||||||||||||spa|d
020 |a 8447301176 Historia de la Literatura 
020 |a 8447315843 Don Quijote de la Mancha 
020 |a 8447315851 v.1 
020 |a 844731586X v.2 
082 0 4 |a 863  |b CER  |2 21 
100 |a Cervantes y Saavedra, Miguel de  |e author  |9 267947 
245 1 0 |a Don Quijote de la Mancha 
300 |a 2 v 
942 |c BK 
945 |d 20091127 00:00:00 
260 |a Barcelona  |b RBA Coleccionables  |c 1999 
650 0 |a Novelas españolas  |9 265052 
650 0 |a Literatura española  |9 306261 
583 |a last modification  |c 20091127 00:00:00  |k Rodrigo Vera 
490 0 |a Historia de la Literatura 
999 |c 338627  |d 338625